000 00575nam a2200181Ia 4500
008 100921s9999 xx 000 0 und d
082 _b23132
_a891.463 थ 86
100 _aपानवलकर श्री.दा.
245 _aऔदुंबर.
260 _bमौज प्रकाशन,मुंबई.
_c1986
300 _a206
_bमौज प्रकाशन,मुंबई
365 _b45
520 _aललित-कथा.
630 _aऔदुंबर.
650 _aललित-कथा.
730 _aऔदुंबर.
942 _cBOOK
999 _c772245
_d772242